Tempo e Diritto: atti della giornata di studi in memoria di Paolo Vitucci. Roma, 5 novembre 2007

Uloženo v:
Podrobná bibliografie
Hlavní autor: Mazzamuto, Salvatore (autor)
Médium: Kniha
Jazyk:italština
Vydáno: Nápoles Jovene Editore 2010
Témata:
Tagy: Přidat tag
Žádné tagy, Buďte první, kdo vytvoří štítek k tomuto záznamu!

MARC

LEADER 00000cam a2200000 a 4500
001 UCG9701
003 CL-VaPUC
008 120330e20100000IT |||||||||||||||||ita|d
020 |a 8824319343 
082 0 4 |a 340  |b MAZ  |2 21 
100 |a Mazzamuto, Salvatore  |e autor  |9 561335 
245 1 0 |a Tempo e Diritto: atti della giornata di studi in memoria di Paolo Vitucci. Roma, 5 novembre 2007 
300 |a 147 p 
942 |c BK 
945 |d 20120330 00:00:00  |a dcastane 
260 |a Nápoles  |b Jovene Editore  |c 2010 
650 7 |a DERECHO  |2 CL-VaPUC  |9 561336 
583 |a last modification  |c 20120330 10:33:00  |k Rodrigo Vera 
999 |c 347247  |d 347245 
952 |0 0  |1 0  |4 0  |6 340_000000000000000_MAZ_2010  |7 0  |8 A  |9 448480  |a BIBDER  |b BIBDER  |d 2019-11-22  |i 4846419  |o 340 MAZ 2010  |p 4846419  |r 2023-01-25  |w 2019-11-22  |y BK  |k DER